Ten Highest Ranking FIFA Countries by Year (Women's) - Statistics

General Stats
  • This quiz has been taken 51 times
    21 since last reset
  • The average score is 11 of 12
Answer Stats
# Years Team % Correct
10 England
100%
10 Germany
100%
4 Spain
100%
10 Canada
95%
9 France
95%
5 Japan
95%
8 Netherlands
95%
10 United States
95%
7 Australia
90%
10 Brazil
90%
10 Sweden
90%
7 North Korea
57%
No matching quizzes found
Score Distribution
Percent of People with Each Score
Percentile by Number Answered
Your Score History
You have not taken this quiz since the last reset